Multikriteriálne rozhodovanie s využitím fuzzy množín v prostredí GIS

Saved in:
Bibliographic Details
Main Author: Szabová, Martina, 1989- (Author)
Other Authors: Ďuračiová, Renata, 1975- (Thesis advisor)
Format: Manuscript Book
Language:Slovak
Published: Bratislava : STU v Bratislave SvF, 2013
Subjects:
Online Access:VAIS
Tags: Add Tag
No Tags, Be the first to tag this record!

MARC

LEADER 00000ntm a22000003a 4500
001 stu271821
005 20150617230235.5
008 130720s2013----xo------------------slo-d
040 |a STU  |b slo 
041 0 |a slo 
044 |a xo 
100 1 |a Szabová, Martina,  |d 1989-  |4 aut  |u V  |T SvF Stavebná fakulta  |X 67470  |U V  |Y 10  |7 A000067470 
242 0 0 |a Multicriterial Decision Making Using Fuzzy Sets in GIS  |y eng 
245 1 |a Multikriteriálne rozhodovanie s využitím fuzzy množín v prostredí GIS 
260 |a Bratislava :  |b STU v Bratislave SvF,  |c 2013 
650 7 |a geodézia a kartografia  |2 stusub 
650 7 |a Geodesy and Cartography  |2 estusub 
650 7 |a fuzzy logic  |2 estusub 
650 7 |a archeological predictive model  |2 estusub 
650 7 |a fuzzy logika  |2 stusub 
650 7 |a archeologický predikčný model  |2 stusub 
650 7 |a modelovanie neurčitosti  |2 stusub 
700 1 |a Ďuračiová, Renata,  |d 1975-  |4 ths  |u V130  |U SvF Stavebná fakulta  |T SvF Katedra geodetických základov  |X 950  |U V130  |Y 13  |7 A000000950 
856 4 |a info a plný text  |u http://is.stuba.sk/zp/portal_zp.pl?podrobnosti=68279  |3 VAIS